Strange Creatures Quiz Stats

 Plays Quiz not verified by Sporcle

Score 0/136 Timer 20:00
0 Plays Today
Answer % Correct
HADHAD
100%
Bargo
100%
Bikdip
100%
Shmihg'nhihg'n
75%
Shmāg'nhāg'n
75%
Shmăg'nhăg'n
75%
Shmēg'nhēg'n
75%
Shmĕg'nhĕg'n
75%
Shmōg'nhōg'n
75%
Shmŏg'nhŏg'n
75%
Shmūg'nhūg'n
75%
Shmŭg'nhŭg'n
75%
Shmyg'nhyg'n
75%
Shmoog'nhoog'n
75%
Shmœg'nhœg'n
75%
Shmahag'nhahag'n
75%
Soog'nhaas
75%
Shmŏg'nhŏg'ndääs
75%
Jonboo
75%
Jenburang
75%
Junspinar
75%
Elementino
75%
Atmobob
75%
Yukronsky
75%
Graz
75%
Kez
75%
Steck
75%
Arbo
75%
Stygo
75%
Lump of Cheese
75%
Block of Cheese
75%
Ziggerdo
75%
Garbo
75%
Conor
75%
Cubon
75%
Spherio
75%
Rock
75%
Stick
75%
Wimple
75%
Seed
75%
Thing
75%
Small Woodland Creature
75%
Koblaron
75%
Circus Dog on a Ball
75%
Pokémaster Ian
75%
Glop
75%
Answer % Correct
Kib
75%
Kirby
75%
Kibbo
75%
Kobandoo
75%
Random Elf
75%
Travis the Infected Lawn Gnome
75%
Monker
75%
Scorpon
75%
Birdag
75%
Schnotzio
75%
Alphabetino
75%
Eh
75%
Parofonkialifabuncsilationestimaturelanjopanahaas
75%
Bus
75%
Jonah
75%
Jordan
75%
Cozno
75%
Teknoli
75%
Captain Pringle
75%
Shmih
75%
Shmihih
75%
Shmihkih
75%
Shmihihkihshmih
75%
Virus Thing
75%
Interesting Animal
75%
Nothing
75%
Something
75%
Everything
75%
Yeknomrebbij
75%
Synfek~fek
75%
Mohabed
75%
JipperMunky
75%
Skrumpei
75%
Ultimax
75%
Pom-Pom
75%
Homestar Runner
75%
Strong Bad
75%
Gary Apple
75%
El Señor
75%
Evil
75%
Flhürgen
75%
Plürbi
75%
Über
75%
Likabob
75%
Floop
75%
Walter Khronkhyte
75%
Answer % Correct
Eeterbo
50%
Yukko
50%
Snorky
50%
Rockersteinburgersonfield
50%
Zygerblyfergycosink
50%
Jofronkiolunkerot
50%
Gart
50%
Blap
50%
Buhdarree
50%
Boing Gloing
50%
Fooby
50%
Zeeky H. Bomb
50%
Implosion
50%
Explosion
50%
Black Hole
50%
Hootie
50%
Spōk
50%
Bleeah
50%
Weaklo
50%
Craplo
50%
Doofpo
50%
Ace
50%
Denza
50%
Random Plant
50%
Repumph
50%
Philip
50%
Maynard
50%
DOPPLI
50%
BOKRO
50%
)#%$%
50%
Pointy
50%
Kooba
25%
Koombaroo
25%
Mr. Gay & Crotch
25%
Mr. Game & Watch
25%
Mr. Hctaw & Emag
25%
Square Object
25%
Diamond Object
25%
Clyde
25%
Cloujo
25%
Glitchamon
25%
Impil
0%
O-okah
0%
Jorgo
0%

You're not logged in!

Compare scores with friends on all Sporcle quizzes.
OR
Log In

Sporcle TV

Today on Sporcle TV


Watch our educational content, quiz creation guides, and fun videos on Sporcle TV.

Show Comments

Extras

Created Sep 11, 2017ReportNominate
Tags:creature, strange

Top Quizzes Today


Score Distribution

Your Account Isn't Verified!

In order to create a playlist on Sporcle, you need to verify the email address you used during registration. Go to your Sporcle Settings to finish the process.

Report this User

Report this user for behavior that violates our Community Guidelines.

Details: